[Event "Harrogate 4NCL op-B 12th"]
[Site "Harrogate"]
[Date "2017.01.07"]
[Round "3"]
[White "Brooke, John"]
[Black "Nandi, Robin J"]
[Result "0-1"]
[WhiteElo "1655"]
[BlackElo "1839"]
[PlyCount "36"]
[EventDate "2017.01.06"]
[EventType "swiss"]
[EventRounds "5"]
[EventCountry "ENG"]
[SourceTitle "CBM 176 Extra"]
[Source "ChessBase"]
[SourceDate "2017.03.02"]
[SourceVersion "1"]
[SourceVersionDate "2017.03.02"]
[SourceQuality "1"]

1. d4 d5 2. c4 c6 3. Nc3 Nf6 4. cxd5 cxd5 5. e3 Nc6 6. Nf3 e6 7. a3 Bd6 8. Bd3 0-0 9. 0-0 e5 10. dxe5 Nxe5 11. Nxe5 Bxe5 12. Bd2 Ng4 13. g3 Re8 14. Be2 Nxh2 15. Kxh2 Qh4+ 16. Kg2 Qh3+ 17. Kg1 Bxg3 18. Bf3 Qh2# 0-1

[Event "Budapest FS06 FM-B"]
[Site "Budapest"]
[Date "2007.06.12"]
[Round "11"]
[White "Brooke, John"]
[Black "Zoltan, Andras"]
[Result "0-1"]
[WhiteElo "1887"]
[BlackElo "2030"]
[PlyCount "64"]
[EventDate "2007.06.02"]
[EventType "tourn"]
[EventRounds "11"]
[EventCountry "HUN"]
[SourceTitle "CBM 118 Extra"]
[Source "ChessBase"]
[SourceDate "2007.07.04"]
[SourceVersion "1"]
[SourceVersionDate "2007.07.04"]
[SourceQuality "1"]

1. Nc3 d5 2. e4 dxe4 3. Nxe4 Nd7 4. Bc4 Ndf6 5. Qf3 e6 6. d3 Nxe4 7. dxe4 Bd7 8. Bd2 Qf6 9. Qb3 Bc5 10. 0-0-0 0-0-0 11. Nf3 Ne7 12. Bg5 Qg6 13. Bxe7 Bxe7 14. Ne5 Qg5+ 15. Qe3 Qxe5 16. Qxa7 c6 17. Qa8+ Qb8 18. Qa5 Bf6 19. Rd3 Qf4+ 20. Kb1 Qe5 21. Qb6 Kb8 22. Ra3 Bc8 23. Qa7+ Kc7 24. Rb3 Qd4 25. Qa5+ Kb8 26. Bd3 Qxf2 27. g3 Qd4 28. h3 Rd7 29. Re1 Rhd8 30. e5 Rd5 31. Qd2 Bxe5 32. Rxe5 Qxe5 0-1

[Event "Budapest FS06 FM-B"]
[Site "Budapest"]
[Date "2007.06.03"]
[Round "2"]
[White "Brooke, John"]
[Black "List, Andre"]
[Result "1-0"]
[WhiteElo "1887"]
[BlackElo "1984"]
[PlyCount "128"]
[EventDate "2007.06.02"]
[EventType "tourn"]
[EventRounds "11"]
[EventCountry "HUN"]
[SourceTitle "CBM 118 Extra"]
[Source "ChessBase"]
[SourceDate "2007.07.04"]
[SourceVersion "1"]
[SourceVersionDate "2007.07.04"]
[SourceQuality "1"]

1. Nc3 d5 2. e4 dxe4 3. Nxe4 Nd7 4. Bc4 e6 5. d3 Ngf6 6. Bd2 Be7 7. Qe2 a6 8. Nf3 h6 9. a3 c5 10. h3 Qc7 11. Ba2 b5 12. 0-0 Bb7 13. Nxf6+ Nxf6 14. Rfe1 Bxf3 15. Qxf3 Rd8 16. Re2 0-0 17. Bf4 Qd7 18. Rae1 Kh8 19. g4 Nd5 20. Be5 Bf6 21. Bxf6 Nxf6 22. Qf4 Qd4 23. Qxd4 Rxd4 24. Re5 Rc8 25. Kg2 g5 26. f3 Kg7 27. R1e2 Nd7 28. R5e4 e5 29. Rxd4 cxd4 30. Bd5 Rc7 31. Kf2 f6 32. Ke1 Nf8 33. Kd2 Ng6 34. Be4 Nf4 35. Rh2 Ne6 36. h4 Nc5 37. Bf5 Na4 38. hxg5 fxg5 39. Kc1 Nb6 40. Re2 Kf6 41. Rh2 Kg7 42. Be4 Nd7 43. Kd2 Nc5 44. c3 dxc3+ 45. bxc3 Na4 46. d4 Nxc3 47. dxe5 Nxe4+ 48. fxe4 Re7 49. Kd3 Rxe5 50. Kd4 Re6 51. Kd5 Kf7 52. e5 Ke7 53. Rc2 Rb6 54. Rc7+ Kd8 55. Rh7 a5 56. e6 b4 57. axb4 axb4 58. Rxh6 Ke7 59. Rh7+ Kf6 60. Rf7+ Kg6 61. Rf1 b3 62. e7 Rb5+ 63. Kd6 Rb8 64. Kc7 Ra8 1-0

[Event "Balatonlelle op-B"]
[Site "Balatonlelle"]
[Date "2006.06.24"]
[Round "8.19"]
[White "Brooke, John"]
[Black "Eltigani, Omar"]
[Result "1/2-1/2"]
[WhiteElo "2010"]
[BlackElo "1808"]
[PlyCount "180"]
[EventDate "2006.06.17"]
[EventType "swiss"]
[EventRounds "9"]
[EventCountry "HUN"]
[SourceTitle "EXT 2007"]
[Source "ChessBase"]
[SourceDate "2006.11.23"]
[SourceVersion "1"]
[SourceVersionDate "2006.11.23"]
[SourceQuality "1"]

1. d4 d5 2. c4 c6 3. Nf3 Nf6 4. Nc3 e6 5. Bf4 Bd6 6. Bg5 Nbd7 7. e3 0-0 8. Qc2 h6 9. h4 hxg5 10. hxg5 Ne4 11. Nxe4 dxe4 12. Qxe4 Bb4+ 13. Nd2 f5 14. Qh4 Kf7 15. 0-0-0 Bxd2+ 16. Rxd2 Nb6 17. Be2 Ke7 18. Qg3 Qd7 19. Qe5 Rg8 20. Rhd1 Kf8 21. f3 Qe7 22. e4 Nd7 23. Qa5 Qxg5 24. Kb1 Qg6 25. g4 f4 26. d5 cxd5 27. Ka1 Kf7 28. exd5 e5 29. Bd3 Qb6 30. Qc3 g6 31. Rh1 a5 32. Rdh2 Qe3 33. Qc2 Nf8 34. c5 Qxf3 35. c6 b6 36. Bc4 Qxg4 37. Qb3 Ba6 38. Qxb6 Bxc4 39. Qb7+ Kf6 40. Qxa8 Ne6 41. Qxg8 Bxd5 42. Qh8+ Kf5 43. Re1 e4 44. c7 Nxc7 45. Qf8+ Ke5 46. Qg7+ Kd6 47. Rh7 Ne6 48. Qe7+ Ke5 49. Qa7 e3 50. Qb8+ Kf5 51. Rf7+ Ke4 52. Qb5 Qh4 53. Rd1 Qh5 54. Qa4+ Kf3 55. Rf1+ Kg2 56. R7xf4 Nxf4 57. Qxf4 Bf3 58. Re1 e2 59. Qe3 Qh4 60. Rg1+ Kh2 61. a3 g5 62. Rc1 g4 63. Ka2 Qg3 64. Qh6+ Qh3 65. Qd2 g3 66. Qxa5 g2 67. Qe1 Qg3 68. Qg1+ Kh3 69. a4 Bd5+ 70. Ka1 Qb3 71. Rc3+ Qxc3 72. bxc3 Be6 73. a5 e1Q+ 74. Qxe1 Kh2 75. Qh4+ Bh3 76. Qf4+ Kh1 77. Qf3 Kh2 78. Qf2 Kh1 79. Qf3 Kh2 80. Qf2 Kh1 81. a6 g1Q+ 82. Qxg1+ Kxg1 83. a7 Bg2 84. Kb2 Kf2 85. Ka3 Ke3 86. Kb4 Kd3 87. c4 Kd4 88. Kb5 Ba8 89. c5 Kd5 90. Kb6 Bc6 1/2-1/2

[Event "Balatonlelle op-B"]
[Site "Balatonlelle"]
[Date "2006.06.21"]
[Round "5.14"]
[White "Gyulai, Laszlo"]
[Black "Brooke, John"]
[Result "1/2-1/2"]
[WhiteElo "2068"]
[BlackElo "2010"]
[PlyCount "129"]
[EventDate "2006.06.17"]
[EventType "swiss"]
[EventRounds "9"]
[EventCountry "HUN"]
[SourceTitle "EXT 2007"]
[Source "ChessBase"]
[SourceDate "2006.11.23"]
[SourceVersion "1"]
[SourceVersionDate "2006.11.23"]
[SourceQuality "1"]

1. c4 Nf6 2. Nc3 Nc6 3. d4 d5 4. cxd5 Nxd5 5. e4 Nxc3 6. bxc3 e5 7. d5 Nb8 8. Nf3 Nd7 9. Be2 Bc5 10. 0-0 0-0 11. Qc2 Kh8 12. c4 Qe8 13. Bb2 f6 14. Kh1 g5 15. Nd2 h5 16. Qd1 g4 17. f3 Qg6 18. fxg4 Rg8 19. Rf5 hxg4 20. Bxg4 Nf8 21. Rh5+ Nh7 22. h3 Bxg4 23. hxg4 Qxg4 24. Qxg4 Rxg4 25. Re1 Rag8 26. Re2 R8g5 27. Rh3 Kg8 28. Nf3 Rg7 29. Bc1 Rd7 30. Kh2 Rd6 31. Rg3 Rxg3 32. Kxg3 Ra6 33. Kg4 Ra4 34. Rc2 Kf7 35. Kf5 Nf8 36. g4 Nd7 37. g5 Be7 38. gxf6 Bxf6 39. Bg5 Ra3 40. Rf2 Bxg5 41. Kxg5 Ke7 42. Kf5 Ra6 43. Kg5 Kd6 44. Rh2 Kc5 45. Rh7 Rd6 46. Re7 Kxc4 47. Rxd7 Rxd7 48. Nxe5+ Kd4 49. Nxd7 Kxe4 50. Nf6+ Ke5 51. Ne8 Kxd5 52. Nxc7+ Kc4 53. Kf4 a6 54. Ke3 Kc3 55. Nd5+ Kb2 56. Kd3 Kxa2 57. Nb6 Kb3 58. Nd7 Kb4 59. Kc2 a5 60. Ne5 a4 61. Nd3+ Kc4 62. Ne5+ Kd5 63. Nd3 Kd4 64. Ne1 b5 65. Kb2 1/2-1/2

[Event "Caledonian Masters"]
[Site "Edinburgh"]
[Date "1997.??.??"]
[Round "9"]
[White "Brooke, John"]
[Black "Berry, Neil"]
[Result "0-1"]
[WhiteElo "2175"]
[BlackElo "2150"]
[PlyCount "70"]
[EventDate "1997.12.15"]
[EventType "swiss"]
[EventRounds "9"]
[EventCountry "SCO"]
[SourceTitle "EXT 1999"]
[Source "ChessBase"]
[SourceDate "1998.11.16"]
[SourceVersion "1"]
[SourceVersionDate "1998.11.16"]
[SourceQuality "1"]

1. d4 Nf6 2. c4 g6 3. Nc3 Bg7 4. e4 d6 5. f3 0-0 6. Bg5 Nbd7 7. Qd2 c5 8. d5 b5 9. cxb5 a6 10. Bh6 Nb6 11. Bxg7 Kxg7 12. b3 e6 13. bxa6 exd5 14. Nxd5 Nfxd5 15. exd5 Re8+ 16. Kf2 Qf6 17. Rc1 Re5 18. Bc4 Bxa6 19. Ne2 Bb7 20. Nc3 Nxc4 21. bxc4 Qh4+ 22. g3 Qxc4 23. Rhd1 Rae8 24. Qb2 Qb4 25. Rb1 Ba6 26. Qxb4 cxb4 27. Rxb4 Rc8 28. Rb3 Bc4 29. Rb2 Rc5 30. f4 Re7 31. Rbd2 Ra5 32. a4 Rc7 33. Ra1 Rcc5 34. Ke3 Ba6 35. Rd4 Rxc3+ 0-1

[Event "Newport Masters"]
[Site "Newport"]
[Date "1997.??.??"]
[Round "4"]
[White "Brooke, John"]
[Black "Kelly, Brian"]
[Result "0-1"]
[WhiteElo "2175"]
[BlackElo "2390"]
[PlyCount "70"]
[EventDate "1997.07.07"]
[EventType "tourn"]
[EventRounds "9"]
[EventCountry "WLS"]
[EventCategory "4"]
[SourceTitle "EXT 1999"]
[Source "ChessBase"]
[SourceDate "1998.11.16"]
[SourceVersion "1"]
[SourceVersionDate "1998.11.16"]
[SourceQuality "1"]

1. Nc3 d5 2. e4 dxe4 3. Nxe4 Nd7 4. Bc4 e6 5. Nf3 Ngf6 6. d3 Be7 7. Bd2 0-0 8. Qe2 c5 9. h4 a6 10. a4 b6 11. Nfg5 Bb7 12. Bc3 Bd5 13. Rh3 Qc7 14. Bxd5 exd5 15. Ng3 Rfe8 16. Kf1 h6 17. Nh5 d4 18. Bd2 Qc6 19. Ne4 Nxe4 20. dxe4 Bf8 21. f3 c4 22. Rg3 Rac8 23. Bf4 Kh7 24. Bd2 f5 25. Re1 Nf6 26. Nxf6+ Qxf6 27. Qf2 Bc5 28. h5 d3 29. Be3 Bxe3 30. Qxe3 f4 31. e5 fxe3 32. exf6 gxf6 33. Rb1 dxc2 34. Rc1 e2+ 35. Ke1 Rcd8 0-1

[Event "Newport Masters"]
[Site "Newport"]
[Date "1997.??.??"]
[Round "5"]
[White "Dunnington, Angus J"]
[Black "Brooke, John"]
[Result "1-0"]
[WhiteElo "2420"]
[BlackElo "2175"]
[PlyCount "55"]
[EventDate "1997.07.07"]
[EventType "tourn"]
[EventRounds "9"]
[EventCountry "WLS"]
[EventCategory "4"]
[SourceTitle "EXT 1999"]
[Source "ChessBase"]
[SourceDate "1998.11.16"]
[SourceVersion "1"]
[SourceVersionDate "1998.11.16"]
[SourceQuality "1"]

1. Nf3 d6 2. d4 c5 3. dxc5 Qa5+ 4. Nc3 Qxc5 5. g3 Nf6 6. Bg2 g6 7. a3 a6 8. Be3 Qc7 9. 0-0 Bg7 10. Qd2 0-0 11. Bg5 Nbd7 12. Nd4 Rb8 13. Rfe1 Ne5 14. Bxf6 exf6 15. Nd5 Qd8 16. Qb4 b5 17. f4 a5 18. Qb3 Nd7 19. Nc6 Nc5 20. Qe3 Re8 21. Nxd8 Rxe3 22. Nxe3 f5 23. Nc6 Ne4 24. Bxe4 fxe4 25. Nxb8 Bd4 26. Kf2 Bb7 27. Red1 Bc5 28. Nd7 1-0

[Event "Caledonian Masters"]
[Site "Edinburgh"]
[Date "1997.??.??"]
[Round "8"]
[White "Lim, Kok Ann"]
[Black "Brooke, John"]
[Result "0-1"]
[WhiteElo "2205"]
[BlackElo "2175"]
[PlyCount "45"]
[EventDate "1997.12.15"]
[EventType "swiss"]
[EventRounds "9"]
[EventCountry "SCO"]
[SourceTitle "EXT 1999"]
[Source "ChessBase"]
[SourceDate "1998.11.16"]
[SourceVersion "1"]
[SourceVersionDate "1998.11.16"]
[SourceQuality "1"]

1. d4 Nf6 2. Nf3 c5 3. dxc5 Qa5+ 4. Bd2 Qxc5 5. Nc3 a6 6. g3 b5 7. Bg2 Bb7 8. 0-0 g6 9. b4 Qc7 10. a4 Bg7 11. Rb1 Ne4 12. Nxe4 Bxe4 13. axb5 axb5 14. Ne1 Bxg2 15. Kxg2 h5 16. Bf4 Qc6+ 17. f3 h4 18. e4 h3+ 19. Kh1 Qc4 20. Qd3 Nc6 21. Rd1 0-0 22. Rf2 Qxb4 23. Qxd7 0-1

[Event "Newport Masters"]
[Site "Newport"]
[Date "1997.??.??"]
[Round "7"]
[White "Williams, Simon Kim"]
[Black "Brooke, John"]
[Result "1-0"]
[WhiteElo "2310"]
[BlackElo "2175"]
[PlyCount "65"]
[EventDate "1997.07.07"]
[EventType "tourn"]
[EventRounds "9"]
[EventCountry "WLS"]
[EventCategory "4"]
[SourceTitle "EXT 1999"]
[Source "ChessBase"]
[SourceDate "1998.11.16"]
[SourceVersion "1"]
[SourceVersionDate "1998.11.16"]
[SourceQuality "1"]

1. c4 c5 2. Nc3 Nc6 3. g3 g6 4. Bg2 Bg7 5. d3 e6 6. e4 Nge7 7. Nge2 0-0 8. 0-0 d6 9. Rb1 Rb8 10. a3 a5 11. Be3 Nd4 12. b4 axb4 13. axb4 Nec6 14. b5 Nxe2+ 15. Nxe2 Nd4 16. Nxd4 cxd4 17. Bd2 e5 18. f4 f6 19. f5 g5 20. h4 h6 21. Qb3 Rf7 22. Bf3 Kf8 23. Bh5 Re7 24. Bb4 b6 25. hxg5 hxg5 26. Ra1 Bb7 27. Ra2 Ra8 28. Rh2 Ra7 29. Bg6 Rd7 30. Bh7 Qa8 31. c5 d5 32. c6+ Re7 33. Qxd5 1-0